000 00652nam a2200229Ia 4500
003 OSt
005 20220926010244.0
006 a|||||r|||| 00| 0
007 ta
008 220923b |||||||| |||| 00| 0 eng d
037 _cGeneral Book
040 _aRTL
_cRTL
_beng
041 _2eng
_aeng
082 _aY2:1.243.N87<--M57, L1
100 _aTandon Prakash
245 0 _aPunjabi Saga, 1857-1987
_bThe monumental story of
260 _a New Delhi
_bViking
_c1971
300 _a664p
_ccm.
650 _aFamily Sociology
942 _hY2:1.243.N87<--M57, L1
_cGB
_2CC
999 _c616830
_d616830